To understand each other. (Record no. 14688)

000 -LEADER
fixed length control field 00554nam a2200181 a 4500
001 - CONTROL NUMBER
control field :::00012521$&:&@@
003 - CONTROL NUMBER IDENTIFIER
control field OkBaRHE
005 - DATE AND TIME OF LATEST TRANSACTION
control field 20000607103420.0
008 - FIXED-LENGTH DATA ELEMENTS--GENERAL INFORMATION
fixed length control field s1967 j 000 0 eng u
040 ## - CATALOGING SOURCE
Transcribing agency
100 1# - MAIN ENTRY--PERSONAL NAME
Personal name Tournier, Paul.
245 10 - TITLE STATEMENT
Title To understand each other.
Statement of responsibility, etc Translated by John S. Gilmour.
260 ## - PUBLICATION, DISTRIBUTION, ETC. (IMPRINT)
Place of publication, distribution, etc Richmond, VA., :
Name of publisher, distributor, etc John Knox Press
Date of publication, distribution, etc 1967
300 ## - PHYSICAL DESCRIPTION
Extent 63 p. ;
Dimensions 22 cm.
650 ## - SUBJECT ADDED ENTRY--TOPICAL TERM
Topical term or geographic name as entry element Marriage
942 ## - ADDED ENTRY ELEMENTS (KOHA)
Source of classification or shelving scheme
Koha item type Books
Copies
Barcode Not for loan Full call number Price effective from Damaged status Copy number Withdrawn status Source of classification or shelving scheme Lost status Date acquired Permanent Location Shelving location Date last seen Koha item type
12521 HQ 739 .T6132010-04-14 1   2010-04-14RHEMA Bible Training CollegeGeneral Stacks2010-04-14Books